00372nam a2200121Ia 4500082001200000100002500012245007500037260004700112300001000159650001200169650003300181710003600214 aRR.0036 aRathore, Mohan Singh 0aStudy on the leisure hour occupation of manual workers in Jodhpur City c0bUniversity Grants Commission, New Delhi a133p. aLEISURE aLABOUR AND LABOURING CLASSES aUniversity of Rajasthan, Jaipur